Представление документа в формате RUSMARC

ПолеНазваниеЗначение
  Тип записи a
  Библиографический уровень a
001 Контрольный номер RU/CBS_UL/BASE/168781df37d4420bbdf2cfb04e7b3202
005 Дата корректировки 20251217135826.4
100 Данные общей обработки __
a Данные общей обработки 20251217 ||| 0rusy0189 ca
101 Язык документа 0_
a Язык текста rus
102 Страна публикации __
a Страна публикации RU
200 Заглавие и сведения об ответственности 1_
a Заглавие Чего хочет малина?
e Сведения, относящиеся к заглавию [уход за малиной в течение сезона]
f Первые сведения об ответственности Н. Степанова
300 Общие примечания __
a Общие примечания 12+
461 Уровень набора _0
1 2000
a Дачный клуб
463 Уровень физической единицы _0
1 2000
a № 10
v С. 38-39 : фото
1 2101
d 2025
1 001RU/CBS_UL/BASE/1fc3bfb1739947728433521a1e6ee7c7
606 Тематические рубрики 0_
a Основная рубрика Малина - Уход
610 Ключевые слова 0_
a Ключевые слова малина
610 Ключевые слова 0_
a Ключевые слова уход за малиной
610 Ключевые слова 0_
a Ключевые слова обрезка малины
610 Ключевые слова 0_
a Ключевые слова подкормка малины
686 Индексы других классификаций __
2 Код системы rubbk
a Классификационный индекс 42.358
700 Автор _1
a Фамилия Степанова
b Имя (инициалы) Н.
801 Источник записи _0
a Страна RU
b Организация МБУК ЦБС г. Ульяновска
c Дата составления 20251217
g Правила каталогизации RCR
801 Источник записи _1
a Страна RU
b Организация МБУК ЦБС г. Ульяновска
c Дата составления 20251217
g Правила каталогизации RCR
901 Тип документа __
t Тип документа b
w Контрольный № источника RU/CBS_UL/BASE/1fc3bfb1739947728433521a1e6ee7c7
909 Создатель записи __
a Создатель записи lib2